ბათუმის შოთა რუსთაველის სახელმწიფო უნივერსიტეტის ბიბლიოთეკა

პადრე ამაროს დანაშაული : (ბიბ.ჩანაწერი № 59124)

000 -ლიდერი
ფიქსირებული სიგრძის საკონტროლო ველი 01102nam a22002057a 4500
003 - საკონტროლო ნომრის იდენტიფიკატორი
საკონტროლო ველი Ge_BSU
005 - ბოლო ოპერაციის თარიღი და დრო
საკონტროლო ველი 20221129095935.0
008 - ფიქსირებული სიგრძის მონაცემთა ელემენტები - ზოგადი ინფორმაცია
ფიქსირებული სიგრძის საკონტროლო ველი 221129s1974ge xxu||||| |||| 00| 0 geo d
041 ## - ენის კოდი
Language code of text/sound track or separate title geo
080 ## - უნივერსალური ათობითი კლასიფიკაციის ინდექსი
Universal Decimal Classification number 821.134.3(81)-31 კ-38
100 ## - მთავარი ჩანაწერი - პიროვნების სახელი
Personal name ესა დე კეიროში, ჟოზე მარია, 1846-1900, ავტორი.
9 (RLIN) 16172
245 ## - ცნობა სათაურის შესახებ
Title პადრე ამაროს დანაშაული :
Remainder of title [პორტუგალელი მწერლის რომანი] /
Statement of responsibility, etc ჟოზე მარია ესა დე კეიროში ; თარგმ. და წინასიტყვ. ნ. სამუკაშვილისა.
250 ## - გამოცემის ცნობა
Edition statement 1-ლი გამოც.
264 ## - წარმოების, გამოცემის, დისტრიბუციის და სხვა ცნობები
გამოცემის, წარმოების, დისტრიბუციის... ადგილი თბილისი :
გამოცემის, წარმოების, დისტრიბუციის... სახელწოდება მერანი,
გამოცემის, წარმოების, დისტრიბუციის... თარიღი 1974.
300 ## - ფიზიკური აღწერა
Extent 507 გვ. ;
Other physical details 21 სმ.
653 ## - INDEX TERM--UNCONTROLLED
Uncontrolled term პადრე ამაროს დანაშაული
653 ## - INDEX TERM--UNCONTROLLED
Uncontrolled term რომანი
700 ## - ADDED ENTRY--PERSONAL NAME
Personal name სამუკაშვილი, ნ
Relator term თარგმანი და წინასიტყვაობა
9 (RLIN) 16173
942 ## - ADDED ENTRY ELEMENTS (KOHA)
Source of classification or shelving scheme
Koha item type წიგნი
ეგზემპლარები
ჩამოწერის სტატუსი დაკარგული ეგზემპლარის სტატუსი კლასიფიკაციის წყარო ან თაროზე გაწყობის სქემა დაზიანების სტატუსი არ გაიცემა მუდმივი მდებარეობა (დაცვის ადგილი) ამჟამინდელი ადგილსამყოფელი თაროზე განთავსების ადგილი შეძენის თარიღი ღირებულება, შესყიდვის ნორმალური ფასი სრული შენახვის შიფრი შტრიხკოდი ბოლო ოპერაციის თარიღი ეგზემპლარის მიმდევრობითი ნომერი (კეტერი?) ფასის ძალაში შესვლის თარიღი ეგზემპლარის სახეობა საჯარო შენიშვნა
          ბათუმის შოთა რუსთაველის სახელმწიფო უნივერსიტეტის მთავარი ბიბლიოთეკა ბათუმის შოთა რუსთაველის სახელმწიფო უნივერსიტეტის მთავარი ბიბლიოთეკა წიგნსაცავი 2022-11-29 8.00 821.134.3(81)-31 კ-38 63200 2022-11-29 63200 2022-11-29 წიგნი 8.00